[Event "Niederbayern-ch Seniors 45th"]
[Site "Regen"]
[Date "2004.??.??"]
[Round "2"]
[White "Zorn, Guenter"]
[Black "Rohrbach, Hans Guenther"]
[Result "1-0"]
[WhiteElo "1453"]
[BlackElo "1368"]
[PlyCount "99"]
[EventDate "2004.04.13"]
[EventType "swiss"]
[EventRounds "7"]
[EventCountry "GER"]
[SourceTitle "EXT 2006"]
[Source "ChessBase"]
[SourceDate "2005.11.24"]
[SourceVersion "1"]
[SourceVersionDate "2005.11.24"]
[SourceQuality "1"]

1. d4 d5 2. c4 c6 3. Nf3 Nf6 4. Nc3 e6 5. Bg5 Be7 6. e3 0-0 7. Bd3 dxc4 8. Bxc4 b5 9. Bd3 b4 10. Na4 Qa5 11. b3 h6 12. Bxf6 Bxf6 13. 0-0 Nd7 14. Qc2 Bb7 15. Nb2 Qc7 16. Rac1 a5 17. Nc4 Rac8 18. Nfd2 e5 19. dxe5 Nxe5 20. Ne4 Be7 21. Be2 f5 22. Ned2 c5 23. f4 Ng6 24. Bf3 Bxf3 25. Nxf3 Rf6 26. Nce5 Nxe5 27. Nxe5 Bd6 28. Nc4 Be7 29. Rf3 Kh7 30. Qf2 Bd6 31. h4 h5 32. Rd1 Rd8 33. Qc2 g6 34. Rf2 Be7 35. g3 Re6 36. Rfd2 Bd6 37. Rd3 Be7 38. Rxd8 Bxd8 39. Qd3 Bf6 40. Qd7+ Re7 41. Qxc7 Rxc7 42. Kf2 Ra7 43. Rd5 a4 44. Rxc5 axb3 45. axb3 Ra2+ 46. Kf3 Ra1 47. Rb5 Bc3 48. Rb7+ Kg8 49. Rb6 Kg7 50. Ne5 1-0

[Event "Bad Griesbach Seniors op 6th"]
[Site "Bad Griesbach"]
[Date "2003.12.04"]
[Round "5"]
[White "Moesche, Karl Heinz"]
[Black "Rohrbach, Hans Guenther"]
[Result "0-1"]
[WhiteElo "1510"]
[BlackElo "1402"]
[PlyCount "70"]
[EventDate "2003.11.30"]
[EventType "swiss"]
[EventRounds "7"]
[EventCountry "GER"]
[SourceTitle "EXT 2006"]
[Source "ChessBase"]
[SourceDate "2005.11.24"]
[SourceVersion "1"]
[SourceVersionDate "2005.11.24"]
[SourceQuality "1"]

1. e4 e5 2. Nf3 Nf6 3. d3 d6 4. Be2 Be7 5. 0-0 0-0 6. Nc3 Nbd7 7. a3 c6 8. d4 exd4 9. Qxd4 Ne8 10. Bf4 Bf6 11. Qd2 Qe7 12. Nd4 Ne5 13. Rfe1 h6 14. Bg3 Be6 15. Nxe6 fxe6 16. f4 Nf7 17. Bd3 e5 18. f5 Bg5 19. Qd1 b5 20. Bf2 a6 21. Be3 Bxe3+ 22. Rxe3 Qa7 23. Qe1 Rd8 24. Kh1 Nf6 25. h3 d5 26. exd5 cxd5 27. Rg3 e4 28. Be2 Rfe8 29. Rg6 d4 30. Nd1 d3 31. cxd3 exd3 32. Rxf6 gxf6 33. Qg3+ Ng5 34. Bxd3 Rxd3 35. Qxd3 Re1+ 0-1

[Event "Bad Griesbach Seniors op 6th"]
[Site "Bad Griesbach"]
[Date "2003.12.03"]
[Round "4"]
[White "Rohrbach, Hans Guenther"]
[Black "Eck, Alfred"]
[Result "0-1"]
[WhiteElo "1402"]
[BlackElo "1401"]
[PlyCount "80"]
[EventDate "2003.11.30"]
[EventType "swiss"]
[EventRounds "7"]
[EventCountry "GER"]
[SourceTitle "EXT 2006"]
[Source "ChessBase"]
[SourceDate "2005.11.24"]
[SourceVersion "1"]
[SourceVersionDate "2005.11.24"]
[SourceQuality "1"]

1. e4 c5 2. Nf3 d6 3. d4 cxd4 4. Nxd4 Nf6 5. Nc3 a6 6. Bd3 e5 7. Nb3 Be6 8. Nd2 Be7 9. 0-0 0-0 10. Nf3 g6 11. Z0 Nc6 12. Be3 Qa5 13. a3 b5 14. b4 Qd8 15. Qb1 d5 16. Bc5 Bxc5 17. bxc5 d4 18. Na2 Qe7 19. Nb4 Nxb4 20. axb4 Qc7 21. Ra5 Ra7 22. Qb2 Nd7 23. Rfa1 Bc4 24. Ne1 Rfa8 25. c3 Bxd3 26. Nxd3 dxc3 27. Qxc3 f6 28. Rc1 Qc6 29. f3 Nb8 30. Qb3+ Kg7 31. g4 Qd7 32. Rd1 Qf7 33. Qb1 Nc6 34. Ra2 Rd8 35. Rad2 Rad7 36. Kf2 Nd4 37. f4 Nc6 38. h4 exf4 39. e5 Kh8 40. e6 Qxe6 0-1

[Event "Bad Griesbach Seniors op 2nd"]
[Site "Bad Griesbach"]
[Date "1999.11.27"]
[Round "7"]
[White "Carty, Patrick"]
[Black "Rohrbach, Hans Guenther"]
[Result "1-0"]
[WhiteElo "1557"]
[BlackElo "1356"]
[PlyCount "95"]
[EventDate "1999.11.21"]
[EventType "swiss"]
[EventRounds "7"]
[EventCountry "GER"]
[SourceTitle "EXT 2007"]
[Source "ChessBase"]
[SourceDate "2006.11.23"]
[SourceVersion "1"]
[SourceVersionDate "2006.11.23"]
[SourceQuality "1"]

1. d4 Nf6 2. Nf3 d5 3. h3 e6 4. Bf4 Bb4+ 5. c3 Be7 6. Nbd2 0-0 7. e3 a6 8. Bd3 h6 9. Ne5 Nh7 10. g4 Ng5 11. h4 Ne4 12. Nxe4 dxe4 13. Bxe4 Bxh4 14. Nf3 Be7 15. Qc2 f5 16. gxf5 exf5 17. Qb3+ Kh7 18. Bd3 Nd7 19. 0-0-0 Nb6 20. Rdg1 Nd5 21. Be5 g5 22. Qd1 Rg8 23. e4 Nf4 24. Bxf4 gxf4 25. Ne5 Bg5 26. f3 Qf6 27. Qc2 Rf8 28. exf5 Bxf5 29. Nd7 Qg6 30. Nxf8+ Rxf8 31. Bxf5 Rxf5 32. Re1 b5 33. Qe2 Rf7 34. Qe4 Qxe4 35. Rxe4 Kg6 36. Kd1 c6 37. Rhe1 Bh4 38. R1e2 Rf6 39. Re6 h5 40. Rxf6+ Kxf6 41. Re8 Bg3 42. Ke2 h4 43. Rh8 Kg7 44. Rh5 Kg6 45. Re5 Kf6 46. Kf1 a5 47. Kg2 a4 48. Rc5 1-0

[Event "Bad Griesbach Seniors op 2nd"]
[Site "Bad Griesbach"]
[Date "1999.11.22"]
[Round "2"]
[White "Kodalle, Alfred"]
[Black "Rohrbach, Hans Guenther"]
[Result "1-0"]
[WhiteElo "1518"]
[BlackElo "1356"]
[PlyCount "71"]
[EventDate "1999.11.21"]
[EventType "swiss"]
[EventRounds "7"]
[EventCountry "GER"]
[SourceTitle "EXT 2007"]
[Source "ChessBase"]
[SourceDate "2006.11.23"]
[SourceVersion "1"]
[SourceVersionDate "2006.11.23"]
[SourceQuality "1"]

1. e4 e5 2. d4 exd4 3. Qxd4 Nc6 4. Qe3 Be7 5. Bd2 d6 6. Bb5 Bd7 7. Bxc6 Bxc6 8. Nc3 Nf6 9. 0-0-0 0-0 10. Nh3 a5 11. Nd5 Bxd5 12. exd5 Nxd5 13. Qg3 Bf6 14. Rhe1 Nb4 15. Kb1 Re8 16. Nf4 Rxe1 17. Rxe1 Be5 18. Qg4 Qf6 19. c3 Nc6 20. Nd3 a4 21. f4 Qg6 22. Qxg6 hxg6 23. fxe5 dxe5 24. Nc5 b6 25. Ne4 f6 26. Kc1 Kf7 27. Re3 Na5 28. Rd3 Ke6 29. g4 Rh8 30. h3 g5 31. Kc2 Nb7 32. c4 c5 33. Kd1 Rd8 34. Rxd8 Nxd8 35. Nc3 a3 36. b3 1-0

[Event "Bad Griesbach Seniors op 1st"]
[Site "Bad Griesbach"]
[Date "1998.11.14"]
[Round "7"]
[White "Rohrbach, Hans Guenther"]
[Black "Zacharias, Albert"]
[Result "0-1"]
[WhiteElo "1429"]
[BlackElo "1619"]
[PlyCount "40"]
[EventDate "1998.11.08"]
[EventType "swiss"]
[EventRounds "7"]
[EventCountry "GER"]
[SourceTitle "EXT 2007"]
[Source "ChessBase"]
[SourceDate "2006.11.23"]
[SourceVersion "1"]
[SourceVersionDate "2006.11.23"]
[SourceQuality "1"]

1. e4 c5 2. Nf3 e6 3. d4 cxd4 4. Nxd4 a6 5. a4 Nf6 6. Bd3 Be7 7. 0-0 0-0 8. e5 Nd5 9. Qh5 g6 10. Qh3 Nc6 11. Nf3 d6 12. c4 Ndb4 13. Be2 dxe5 14. Bh6 Re8 15. Nc3 Qc7 16. Ne4 f6 17. c5 Nd5 18. Nd6 Bxd6 19. cxd6 Qxd6 20. Rfe1 Bd7 0-1